| 000 | 01051nam a2200253 a 4500 | ||
|---|---|---|---|
| 001 | 83803 | ||
| 003 | BD-RjUL | ||
| 005 | 20240523121447.0 | ||
| 008 | 240523s2004 bg a|||| m||| 00| 0 eng d | ||
| 035 | _a(BD-RjUL)83803 | ||
| 040 |
_aBD-RjUL _beng _cBD-RjUL _dBD-RjUL |
||
| 041 | _aeng | ||
| 082 |
_223 _a595.76 _bISP 2004 |
||
| 100 | _aIslam, Md. Saiful | ||
| 245 | 1 | 0 |
_aPotential of Combining Plant Derived Compounds with Diatomaceous Earth for the Management of Callosobruchus Maculatus (F.) and Sitophilus Oryzae (L.) /) _cBy Md. Saiful Islam ; _6Supervisor : Md. Mahbub Hasan, Supervisor : Md. Sarwar Jahan |
| 260 |
_aRajshahi : _bDepartment of Zoology, University of Rajshahi, _c2004 |
||
| 300 |
_a[9] , iii, 197 Leaves : _bill, ; _c29 cm. |
||
| 502 | _aThesis (Ph. D.) -- Department of Zoology, University of Rajshahi, 2004 | ||
| 504 | _aReferences : Leaves 155-197 | ||
| 650 |
_aArthropoda _vPlant Potential _913136 |
||
| 700 |
_aHasan, Md. Mahbub, Supervisor _913137 |
||
| 700 |
_aJahan, Md. Sarwar, Supervisor _91916 |
||
| 942 |
_2ddc _cTHE |
||
| 999 |
_c83803 _d83803 |
||